| 000 | 00659nam a22002177a 4500 | ||
|---|---|---|---|
| 003 | OSt | ||
| 005 | 20160321164627.0 | ||
| 008 | 160318b xxu||||| |||| 00| 0 eng d | ||
| 020 | _a0415508636 | ||
| 040 |
_aKABU _cKABU |
||
| 050 |
_aPN3171 _b.B69 2013 |
||
| 100 | _aBowell, Pamela | ||
| 245 |
_aPlanning process drama _benriching teaching and learning _cPamela Bowell and Briann S. Heap |
||
| 250 | _a2nd ed. | ||
| 260 |
_aLondon _bRoutledge _c2013 |
||
| 300 | _axii,164p. | ||
| 650 | _aDrama in education | ||
| 650 | _aImprovisation (Acting) | ||
| 700 | _aHeap, Brian S. | ||
| 942 |
_2lcc _cBK _hPN3171 _e2nd ed. _i.B69 2013 C.1 |
||
| 999 |
_c15881 _d15881 |
||